| 000 | 00687nam a2200241Ia 4500 | ||
|---|---|---|---|
| 003 | OSt | ||
| 005 | 20221007074910.0 | ||
| 006 | a|||||r|||| 00| 0 | ||
| 007 | ta | ||
| 008 | 221006b |||||||| |||| 00| 0 eng d | ||
| 024 | _a29,021 | ||
| 037 | _cTextual | ||
| 040 |
_aFLL _cFLL _beng |
||
| 041 |
_2eng _aeng |
||
| 082 | _aV2,8.N78, L8 | ||
| 100 |
_aAvasthi A. _9105323 |
||
| 245 | 0 |
_aBureaucracy and development _b Indian perspectives |
|
| 260 |
_aNew Delhi _bAssociated Publishing House India _c1978 |
||
| 300 |
_axxii,267p _ccm. |
||
| 700 | _a Arora Ramesh K. | ||
| 942 |
_hV2,8.N78, L8 _cTEXL _2CC |
||
| 999 |
_c1154075 _d1154075 |
||